[Event "Concepcion CC Mayor"]
[Site "Concepcion"]
[Date "2019.08.06"]
[Round "1"]
[White "Alarcon Mondrus, Rodrigo"]
[Black "Farfan Ortiz, Victor"]
[Result "0-1"]
[WhiteElo "2119"]
[BlackElo "2126"]
[PlyCount "194"]
[EventDate "2019.08.06"]
[EventType "tourn"]
[EventRounds "9"]
[EventCountry "CHI"]
[SourceTitle "CBM 195 Extra"]
[Source "ChessBase"]
[SourceDate "2020.05.31"]
[SourceVersion "1"]
[SourceVersionDate "2020.05.31"]
[SourceQuality "1"]

1. d4 Nf6 2. Nf3 e6 3. g3 b6 4. Bg2 Bb7 5. 0-0 c5 6. c4 cxd4 7. Nxd4 Bxg2 8. Kxg2 Qc8 9. b3 a6 10. f3 Nc6 11. Bb2 h5 12. Nc3 h4 13. g4 Nxd4 14. Qxd4 Bc5 15. Qd2 h3+ 16. Kh1 Qc6 17. e4 Rh4 18. Qe2 0-0-0 19. Rac1 Kb7 20. Rfd1 Rhh8 21. Na4 d6 22. a3 Rhe8 23. Nxc5+ dxc5 24. Be5 Kc8 25. b4 Rxd1+ 26. Rxd1 Rd8 27. Rxd8+ Kxd8 28. Qd3+ Ke7 29. Kg1 Nd7 30. Bf4 b5 31. cxb5 axb5 32. bxc5 Qxc5+ 33. Be3 Qc6 34. Kf2 Ne5 35. Qe2 Nc4 36. Bf4 f6 37. Kg3 g5 38. Bc1 Ne5 39. Bd2 Kf7 40. Bb4 Ng6 41. Qd2 Qb6 42. Qf2 Qc7+ 43. f4 Nxf4 44. Qc5 Qd8 45. Qd6 Qc8 46. Qe7+ Kg6 47. Bd2 Nd3 48. Kxh3 Ne5 49. Bb4 Qh8+ 50. Kg2 Nxg4 51. h3 Ne5 52. Qxe6 Qd8 53. Bd6 Nf7 54. Bb4 Qd3 55. Qf5+ Kg7 56. Qf3 Qc2+ 57. Kg1 Ne5 58. Qe3 Qd1+ 59. Kg2 Nd3 60. Bc3 Nf4+ 61. Kh2 Qf1 62. Qg3 Qe2+ 63. Kg1 Qd1+ 64. Kh2 Qc2+ 65. Kh1 Qxe4+ 66. Kh2 Qc2+ 67. Kh1 Kg6 68. Bb4 Qe4+ 69. Kh2 Ne2 70. Qb8 Qf4+ 71. Qxf4 Nxf4 72. Kg3 Kf5 73. Be7 Nd5 74. Bd8 Kg6 75. Kf3 f5 76. Ba5 Kh5 77. Kg3 f4+ 78. Kf3 Kh4 79. Bd8 Ne3 80. Bf6 Kh5 81. Bd4 Nf5 82. Bb6 Kh4 83. Bd8 Nd4+ 84. Kg2 Kh5 85. Bf6 Nc2 86. Be7 Kg6 87. Kf3 Kf5 88. Bc5 Na1 89. Be7 Nb3 90. Bd8 Nd4+ 91. Kf2 Ne6 92. Bb6 Ke4 93. Ba5 f3 94. Bb4 Nf4 95. Kg3 Nd5 96. Bd2 Kd3 97. Be1 Ke2 0-1

[Event "Concepcion Regional-ch"]
[Site "Concepcion"]
[Date "2015.05.??"]
[Round "5"]
[White "Vasquez Toledo, Cristian"]
[Black "Alarcon Mondrus, Rodrigo"]
[Result "0-1"]
[WhiteElo "2069"]
[BlackElo "2172"]
[PlyCount "58"]
[EventDate "2015.05.01"]
[EventType "swiss"]
[EventRounds "7"]
[EventCountry "CHI"]
[SourceTitle "EXT 2016"]
[Source "ChessBase"]
[SourceDate "2015.10.08"]
[SourceVersion "1"]
[SourceVersionDate "2015.10.08"]
[SourceQuality "1"]

1. e4 c5 2. Nf3 d6 3. d4 cxd4 4. Nxd4 Nf6 5. f3 e5 6. Bb5+ Nbd7 7. Nf5 d5 8. exd5 a6 9. Bxd7+ Qxd7 10. Ne3 b5 11. b3 Bc5 12. Qd3 Bb7 13. Bb2 0-0 14. c4 Nh5 15. 0-0 Nf4 16. Qd2 bxc4 17. bxc4 Bxd5 18. Bxe5 Qf5 19. Bd4 Bxd4 20. Qxd4 Qg5 21. Kh1 Bc6 22. Nc3 Rad8 23. Ncd5 Bxd5 24. cxd5 Rxd5 25. Qb6 Rd2 26. Rg1 h6 27. Qb4 Rfd8 28. Rad1 Rxd1 29. Nxd1 Rxd1 0-1

[Event "Concepcion Mayor"]
[Site "Concepcion"]
[Date "2014.03.28"]
[Round "9"]
[White "Alarcon Mondrus, Rodrigo"]
[Black "Vasquez Toledo, Cristian"]
[Result "1/2-1/2"]
[WhiteElo "2165"]
[BlackElo "2033"]
[PlyCount "102"]
[EventDate "2014.03.10"]
[EventType "tourn"]
[EventRounds "9"]
[EventCountry "CHI"]
[SourceTitle "EXT 2024"]
[Source "ChessBase"]
[SourceDate "2023.10.10"]
[SourceVersion "1"]
[SourceVersionDate "2023.10.10"]
[SourceQuality "1"]

1. e4 e5 2. Nf3 Nc6 3. Bc4 Bc5 4. d4 Bxd4 5. Nxd4 Nxd4 6. 0-0 d6 7. f4 Nf6 8. fxe5 dxe5 9. Bg5 Be6 10. Nd2 Qe7 11. c3 Nc6 12. b4 0-0-0 13. Qe2 h6 14. Bh4 Kb8 15. Bb5 Rd6 16. Nb3 Rhd8 17. Bf2 b6 18. Bc5 bxc5 19. bxc5 Rd2 20. Nxd2 Qxc5+ 21. Qf2 Qxc3 22. Bxc6 Rxd2 23. Rab1+ Kc8 24. Rfc1 Qd4 25. Qxd4 Rxd4 26. Rb7 Nxe4 27. Bxe4 Rxe4 28. Rcxc7+ Kd8 29. Rxa7 Bxa2 30. Rd7+ Kc8 31. Re7 Kd8 32. Rad7+ Kc8 33. Rd1 Be6 34. Ra1 Kd8 35. Rb7 Rc4 36. Ra8+ Rc8 37. Ra5 Rc1+ 38. Kf2 Rc2+ 39. Ke3 Kc8 40. Re7 Kd8 41. Rea7 Rxg2 42. Rxe5 Rxh2 43. Rb5 Rc2 44. Rbb7 Rc4 45. Rb8+ Rc8 46. Rb4 Ke8 47. Kd4 Rd8+ 48. Ke5 Rd5+ 49. Ke4 Rd8 50. Rb5 Rd1 51. Rb8+ Rd8 1/2-1/2

[Event "Concepcion Mayor"]
[Site "Concepcion"]
[Date "2014.03.19"]
[Round "6"]
[White "Alarcon Mondrus, Rodrigo"]
[Black "Henriquez Pacheco, Daniel"]
[Result "1-0"]
[WhiteElo "2165"]
[BlackElo "2105"]
[PlyCount "55"]
[EventDate "2014.03.10"]
[EventType "tourn"]
[EventRounds "9"]
[EventCountry "CHI"]
[SourceTitle "EXT 2024"]
[Source "ChessBase"]
[SourceDate "2023.10.10"]
[SourceVersion "1"]
[SourceVersionDate "2023.10.10"]
[SourceQuality "1"]

1. e4 e5 2. Nf3 Nc6 3. Bc4 Bc5 4. b4 Bxb4 5. c3 Ba5 6. d4 exd4 7. Qb3 dxc3 8. Bxf7+ Kf8 9. Bxg8 c2+ 10. Kf1 Qf6 11. e5 Nxe5 12. Nxe5 Rxg8 13. Nxd7+ Bxd7 14. Ba3+ Qd6 15. Bxd6+ cxd6 16. Na3 Rc8 17. Nxc2 Rc3 18. Qd5 Bc7 19. Nd4 Rc5 20. Qf3+ Ke7 21. Re1+ Re5 22. Qd5 Rf8 23. Rxe5+ dxe5 24. Qxb7 Bd6 25. Nb5 Bc5 26. f3 g5 27. Ke2 Bb6 28. Rd1 1-0

[Event "Concepcion Mayor"]
[Site "Concepcion"]
[Date "2014.03.15"]
[Round "4.3"]
[White "Alarcon Mondrus, Rodrigo"]
[Black "Farfan Ortiz, Victor"]
[Result "1/2-1/2"]
[WhiteElo "2165"]
[BlackElo "2206"]
[PlyCount "58"]
[EventDate "2014.03.10"]
[EventType "tourn"]
[EventRounds "9"]
[EventCountry "CHI"]
[SourceTitle "EXT 2024"]
[Source "ChessBase"]
[SourceDate "2023.10.10"]
[SourceVersion "1"]
[SourceVersionDate "2023.10.10"]
[SourceQuality "1"]

1. d4 Nf6 2. c4 e6 3. Nf3 Bb4+ 4. Bd2 Qe7 5. a3 Bxd2+ 6. Qxd2 0-0 7. Nc3 d6 8. e3 e5 9. dxe5 dxe5 10. Be2 Rd8 11. Qc2 Nc6 12. 0-0 Bg4 13. Rfd1 e4 14. Nd2 Bf5 15. Nf1 Bg6 16. Ng3 h5 17. Nd5 Qe5 18. Nxf6+ gxf6 19. h4 a5 20. Qb3 Qc5 21. Qb5 b6 22. Bxh5 f5 23. Bxg6 fxg6 24. h5 Kg7 25. hxg6 Kxg6 26. Ne2 Ne5 27. Nf4+ Kf7 28. Rac1 c6 29. Qb3 Rh8 1/2-1/2

[Event "Talcahuano"]
[Site "Talcahuano"]
[Date "2012.06.30"]
[Round "5"]
[White "Alarcon Mondrus, Rodrigo"]
[Black "Farfan Ortiz, Victor"]
[Result "0-1"]
[WhiteElo "2174"]
[BlackElo "2206"]
[PlyCount "127"]
[EventDate "2012.06.02"]
[EventType "tourn"]
[EventRounds "9"]
[EventCountry "CHI"]
[SourceTitle "CBM 149 Extra"]
[Source "ChessBase"]
[SourceDate "2012.08.24"]
[SourceVersion "1"]
[SourceVersionDate "2012.08.24"]
[SourceQuality "1"]

1. d4 Nf6 2. c4 e6 3. Nf3 Bb4+ 4. Nbd2 0-0 5. a3 Be7 6. g3 b6 7. Bg2 Bb7 8. Qc2 c5 9. e4 d5 10. e5 Nfd7 11. cxd5 exd5 12. 0-0 Nc6 13. dxc5 bxc5 14. Re1 a5 15. b3 a4 16. Bb2 Re8 17. e6 fxe6 18. Rxe6 axb3 19. Qxb3 Na5 20. Qc2 Nf8 21. Ree1 Bd6 22. Nh4 g6 23. Qd3 Be7 24. Rxe7 Qxe7 25. Bxd5+ Bxd5 26. Qxd5+ Ne6 27. Ne4 Rad8 28. Qe5 Nd4 29. Qxe7 Rxe7 30. Nxc5 Nab3 31. Nxb3 Nxb3 32. Rf1 Re2 33. Bc3 Rc8 34. Bb4 Rc1 35. Nf3 h6 36. Rxc1 Nxc1 37. Kf1 Rb2 38. Bd2 g5 39. Be3 Nd3 40. Nd2 Kf7 41. Ke2 Nc1+ 42. Kf3 Ke6 43. Ke4 Rc2 44. Nf3 Nb3 45. Nd4+ Nxd4 46. Bxd4 Rc4 47. h4 g4 48. h5 Ra4 49. Ke3 Rxa3+ 50. Kf4 Ra4 51. Ke4 Rb4 52. Kd3 Kf5 53. Be3 Rb2 54. Kc3 Ra2 55. Kd3 Ra3+ 56. Ke2 Ke4 57. Bxh6 Ra5 58. Be3 Rxh5 59. Bf4 Ra5 60. Be3 Ra2+ 61. Bd2 Rb2 62. Ke1 Kd3 63. Bc1 Rb1 64. Kd1 0-1